LEADER 00922nam0-22003251i-450- 001 990006864030403321 005 20001010 035 $a000686403 035 $aFED01000686403 035 $a(Aleph)000686403FED01 035 $a000686403 100 $a20001010d--------km-y0itay50------ba 101 0 $aita 105 $ay-------001yy 200 1 $a<>economics of health and health care$fSherman Folland, Allen C. Goodman, Miron Stano. 205 $a2. ed. 210 $aUpper Saddle River$cPrentice Hall$dc 1997. 215 $aXX, 668 p.$d23 cm 676 $a338.433621 700 1$aFolland,$bSherman$0253547 702 1$aGoodman,$bAllen C. 702 1$aStano,$bMiron 801 0$aIT$bUNINA$gRICA$2UNIMARC 901 $aBK 912 $a990006864030403321 952 $aVI C 1034$b32411$fFSPBC 959 $aFSPBC 996 $aEconomics of health and health care$9624955 997 $aUNINA DB $aGEN01 LEADER 01316nam a2200289 i 4500 001 991002505309707536 005 20020508201349.0 008 990519s1996 it ||| | ita 020 $a8837216106 035 $ab11019530-39ule_inst 035 $aPARLA163906$9ExL 040 $aDip. di Filol. Class. e di Scienze Filosofiche$bita 082 0 $a880 100 1 $aMoreschini, Claudio$0384697 245 10$aStoria della letteratura cristiana antica greca e latina.$n2,$pDal concilio di Nicea agli inizi del Medioevo /$cClaudio Moreschini, Enrico Norelli 246 30$aDal concilio di Nicea agli inizi del Medioevo 260 $aBrescia :$bMorcelliana,$c1996 300 $a2 v. ;$c23 cm 650 4$aLetteratura cristiana antica$xStoria 700 1 $aNorelli, Enrico$eauthor$4http://id.loc.gov/vocabulary/relators/aut$0184598 907 $a.b11019530$b08-11-12$c28-06-02 912 $a991002505309707536 945 $aLE007 270 MOR 02.04$cv. 1$g1$i2007000046609$lle007$o-$pE0.00$q-$rl$s- $t0$u19$v7$w19$x0$y.i1113866x$z28-06-02 945 $aLE007 270 MOR 02.04$cv. 2$g1$i2007000046616$lle007$o-$pE0.00$q-$rl$s- $t0$u15$v7$w15$x0$y.i11138671$z28-06-02 996 $aStoria della letteratura cristiana antica greca e latina$9886131 997 $aUNISALENTO 998 $ale007$b01-01-99$cm$da $e-$fita$git $h0$i2 LEADER 02171nam 2200613z- 450 001 9910588789403321 005 20220830 035 $a(CKB)5840000000076462 035 $a(oapen)https://directory.doabooks.org/handle/20.500.12854/91573 035 $a(oapen)doab91620 035 $a(oapen)doab91624 035 $a(oapen)doab91604 035 $a(oapen)doab91621 035 $a(oapen)doab91605 035 $a(oapen)doab91600 035 $a(EXLCZ)995840000000076462 100 $a20202208d2018 |y 0 101 0 $aspa 135 $aurmn|---annan 181 $ctxt$2rdacontent 182 $cc$2rdamedia 183 $acr$2rdacarrier 200 00$aMutis, el hombre; y Maqroll, el mito 210 $aColombia$cUniversidad Santiago de Cali$d2018 215 $a1 online resource (141-148 p.) 311 08$a958-5522-28-4 330 $aAl final de su trayectoria poe?tica, A?lvaro Mutis (1923-2013) hizo un llamado al silencio que, en lo decisivo, ya se encontraba muy presente en toda su obra literaria. 517 $aSueños intactos. 517 $a?Prefiero ser iluso con el pasado a serlo con el presente? 517 $aÁlvaro Mutis y el Gaviero 517 $a«Para más altos destinos» 517 $aPoesía y libros de historia 517 $aMaqroll y el imperio de la literatura 517 $aÃlvaro Mutis y el Gaviero 517 $a«Para más altos destinos» 517 $aPoesía y libros de historia 517 $aLenguaje de la desesperanza 517 $aSueños intactos. 517 $a“Prefiero ser iluso con el pasado a serlo con el presente†606 $aLiterary studies: general$2bicssc 610 $aCri?tica 610 $aDia?logos 610 $aEnsayos colombianos 610 $aInterpretacio?n 610 $aLiteratura 610 $aPoesi?a 615 7$aLiterary studies: general 700 $aOrejarena Torres$b Jean$4auth$01283198 702 $aOrejarena Torres$b Jean$4edt 702 $aOrejarena Torres$b Jean$4oth 906 $aBOOK 912 $a9910588789403321 996 $aMutis, el hombre; y Maqroll, el mito$94424509 997 $aUNINA